000 00716nam a22001937a 4500
999 _c196239
_d196239
005 20230712150943.0
010 _aB-751304-318 CHEN 25.5.23
020 _a9789352768639
_c695.00
035 _aB-751304-318
037 _bOm Books International
082 _aS
100 _aGanguly,Swayam
245 _a365 Tales Of Hanuman /
_cby Swayam Ganguly
260 _aNew Delhi
_bOm Books International
_c2022
270 _a107, Ansari Road, Darya Ganj, New Delhi
_bNew Delhi
_e110002
300 _a235p.
_bcol.ill
_c27cm(Hb)
942 _2ddc
_cCH
_mGAN
_hS